书目信息 |
| 题名: |
高层建筑消防安全
|
|
| 作者: | 林震 , 施佳颖 , 杜彪 著 | |
| 分册: | ||
| 出版信息: | 长春 吉林科学技术出版社 2022.08 |
|
| 页数: | 243页 | |
| 开本: | 26cm | |
| 丛书名: | ||
| 单 册: | ||
| 中图分类: | TU976 | |
| 科图分类: | ||
| 主题词: | 高层建筑--gao ceng jian zhu--防火 | |
| 电子资源: | ||
| ISBN: | 978-7-5578-9373-6 | |
| 000 | 01053nam0 2200265 450 | |
| 001 | CAL 012022036815 | |
| 005 | 20230217093112.0 | |
| 010 | @a978-7-5578-9373-6@dCNY58.00 | |
| 100 | @a20221020d2022 em y0chiy0120 ea | |
| 101 | 0 | @achi |
| 102 | @aCN@b220000 | |
| 105 | @ay a 000yy | |
| 106 | @ar | |
| 200 | 1 | @a高层建筑消防安全@Agao ceng jian zhu xiao fang an quan@f林震, 施佳颖, 杜彪著 |
| 210 | @a长春@c吉林科学技术出版社@d2022.08 | |
| 215 | @a243页@d26cm | |
| 320 | @a有书目 (第242-243页) | |
| 330 | @a本书以高层建筑消防安全探讨为题展开深入研究, 重点围绕高层建筑特点及火灾蔓延规律、高层建筑外墙与内部火灾防控、火灾扑救要点、消防安全管理等内容进行针对性研究, 并归纳了对高层建筑火灾的应对措施, 其目的在于推动破解高层建筑灭火救援这一世界性难题, 为国内消防同行在处置高层建筑火灾时提供参考借鉴。 | |
| 606 | 0 | @a高层建筑@Agao ceng jian zhu@x防火 |
| 690 | @aTU976@v5 | |
| 701 | 0 | @a林震@Alin zhen@4著 |
| 701 | 0 | @a施佳颖@Ashi jia ying@4著 |
| 701 | 0 | @a杜彪@Adu biao@4著 |
| 801 | 0 | @aCN@bBJXHZP@c20230228 |
| 905 | @b1386587-90@dTU976@e2146@f4 | |
| 高层建筑消防安全/林震, 施佳颖, 杜彪著.-长春:吉林科学技术出版社,2022.08 |
| 243页;26cm |
| ISBN 978-7-5578-9373-6:CNY58.00 |
| 本书以高层建筑消防安全探讨为题展开深入研究, 重点围绕高层建筑特点及火灾蔓延规律、高层建筑外墙与内部火灾防控、火灾扑救要点、消防安全管理等内容进行针对性研究, 并归纳了对高层建筑火灾的应对措施, 其目的在于推动破解高层建筑灭火救援这一世界性难题, 为国内消防同行在处置高层建筑火灾时提供参考借鉴。 |
| ● |
| 相关链接 |
|
|
|
|
正题名:高层建筑消防安全
索取号:TU976/2146
 
预约/预借
| 序号 | 登录号 | 条形码 | 馆藏地/架位号 | 状态 | 备注 |
| 1 | 1386587 | 213865879 | 第二样本阅览室/ [索取号:TU976/2146] | 在馆 | |
| 2 | 1386588 | 213865888 | 第三借阅区/ [索取号:TU976/2146] | 在馆 | |
| 3 | 1386589 | 213865897 | 第三借阅区/ [索取号:TU976/2146] | 在馆 | |
| 4 | 1386590 | 213865904 | 第三借阅区/ [索取号:TU976/2146] | 在馆 |